Language Quiz

Random Language or Letter Quiz

The African Jumble Quiz Stats

Quiz Updated Aug 13, 2012

Challenge
Share
Tweet
Embed
Score 0/16 Timer 05:00
0 Plays Today
Letter change 7-letter word % Correct
Unscramble FAFRIEGGiraffe
98.9%
Change F to LFragile
85%
Change F to CGlacier
75.1%
Change R to TTadpole
56.3%
Change N to DLipread
52.6%
Change I to RStapler
49.8%
Change I to OLeopard
48.5%
Change G to MMiracle
42.8%
Letter change 7-letter word % Correct
Change S to MTrample
41.5%
Change M to PPraline
31%
Change K to CCremate
30.3%
Change O to IPilates
30%
Change C to NMineral
29.4%
Change P to KMeerkat
24.5%
Change D to SApostle
17%
Change L to ETempera
12.6%

You're not logged in!

Compare scores with friends on all Sporcle quizzes.
Sign Up with Email
OR
Log In

You Might Also Like...

Show Comments

Extras

Top Quizzes Today


Score Distribution

Your Account Isn't Verified!

In order to create a playlist on Sporcle, you need to verify the email address you used during registration. Go to your Sporcle Settings to finish the process.